01360cam a2200277 a 450000100100000000500170001000800410002702000150006804000300008308200190011310000350013224500780016726000490024530000210029450501930031550000700050865000280057865000320060691000340063891000070067204900090067995201230068895201280081195201280093999900150106700001001320200929161812.0970825s1995 ck 000 f spa d a9582403063 aDO-SdBNPbspacDLCdBNPHU aC863.44bM992s1 aMutis, Álvaro,d1923-92496010aSiete novelas :bempresas y tribulaciones de Maqroll el Gaviero /cMutis. aBogotá :bSantillana ;bAlfaguara,cc1995. a717 p. ;c24 cm.0 aLa Nieve del Almirante -- Ilona llega con la lluvia -- Un bel morir -- La última escala del tramp steamer -- Amirbar -- Abdul Bashur, soñador de navíos -- Tríptico de mar y tierra. aEl segundo y tercer ejemplar son la sexta reimpresión del 2000. 4aNovela colombiana91243 4aLiteratura colombiana91244 aCatalogación por copia / LC aWM aBNGR 001054708MOaGRbGRcHDd2009-10-02iLF1l0oC863.44 M992sp10013-10r2020-06-25w2020-06-25y4ZPréstamo en sala 001053728MOaGRbGRcHDd2009-10-02iLF1l0oC863.44 M992sp10013-20r2020-06-25te.2w2020-06-25y4ZPréstamo en sala 001054708MOaGRbGRcHDd2009-10-02iLF1l0oC863.44 M992sp10013-30r2020-06-25te.3w2020-06-25y4ZPréstamo en sala c9772d9772